000 00747cam a2200205 i 4500
005 20260129104236.0
008 250721s2003 jo gr 000 0 ara d
020 _a9957073567
082 1 4 _a371.1
_bو ي ج
100 1 _aويح، محمد عبد الرزاق
_eمؤلف.
245 1 0 _aمنظومة تكوين المعلم :
_bفي ضوء معايير الجودة الشاملة /
_cالدكتور محمد عبدالرازق ابراهيم ويح.
250 _aالطبعة الاولى.
264 3 1 _aعمان :
_bدار الفكر للنشر،
_c2003.
300 _a308 صفحة.
650 1 7 _aالتدريس.
650 1 7 _aالتربية.
650 1 7 _aالمدرسون.
942 _2ddc
_cBK
999 _c65978
_d65978